000 00233 a2200085 4500
020 _a 9783955534943
100 _aWolfgang Huß , Matthias Kaufmann and Konrad Merz
245 _aBuilding in Timber - Room Modules
260 _bDETAIL
_c2019
999 _c13427
_d13427